¿Integración o inclusión?: la educación superior ecuatoriana y el pleno acceso de estudiantes con discapacidad /
Spremljeno u:
| Glavni autor: | |
|---|---|
| Daljnji autori: | , |
| Format: | Tekst |
| Oznake: |
Dodaj oznaku
Bez oznaka, Budi prvi tko označuje ovaj zapis!
|
MARC
| LEADER | 00000 a a2200000 04500 | ||
|---|---|---|---|
| 001 | 46541 | ||
| 003 | |||
| 040 | |||
| 100 | |a Espinosa, Carlos X. | ||
| 245 | |a ¿Integración o inclusión?: |b la educación superior ecuatoriana y el pleno acceso de estudiantes con discapacidad / |c Carlos X. Espinosa, Víctor G. Gómez, Carlos M. Cañedo | ||
| 700 | |a Gómez, Víctor G. | ||
| 700 | |a Cañedo, Carlos M. | ||
| 773 | |g volumen37, número3 (2012), páginas 255-274 | ||
| 999 | |c 21233 |d 21233 | ||
